• 首页
  • 本馆介绍
  • 公告通知
  • 最新文献
  • 馆藏检索
  • 电子资源
  • 读者导购
  • 参考咨询
  • 我的图书馆
  • 登录
  • 详细信息显示
  • 放入我的书架
  • 预约/预借图书
  • 作者相关作品
  • 分类相关作品
  • 丛书相关作品
  • 出版社相关作品

书目信息

  • 表格格式
  • 工作单格式
  • 卡片格式
题名:
儿童医疗保健手册
    
 
作者: 张焱焱 , 毕道濯 编著
分册:  
出版信息: 北京   金盾出版社  1999
页数: 434页
开本: 19cm
丛书名:
单 册:
中图分类: R174
科图分类:
主题词: 儿童--保健--手册 , 儿童 , 保健
电子资源:
ISBN: 7-5082-0748-3
000 01059nam0 2200265 45
001 01200626200132
005 20070110164726.46
010    @a7-5082-0748-3@dCNY13.50
092    @aCN@b501499
100    @a20060809d1999 em y0chiy0120 ea
101 0  @achi
102    @aCN@b110000
105    @ay z 000yy
200 1  @a儿童医疗保健手册@Aer tong yi liao bao jian shou ce@e写给年轻爸爸妈妈看的书@Exie gei nian qing ba ba ma ma kan de shu@f张焱焱,毕道濯编著@Fzhang yan yan, bi dao zhuo bian zhu
210    @a北京@c金盾出版社@d1999
215    @a434页@d19cm
330    @a本书力图把深奥的医学知识运用浅显易懂的语言加以叙述,尽量使家长一目了然。最重要的一点是,本书的立足点是孩子们的爸爸妈妈。我们设身处地地为他(她)们考虑问题,并尽量提出行之有效的解决办法。因此,正如本书的题目一样,这是一本专门写给年轻爸爸妈妈看的书。
606 0  @a儿童@x保健@j手册
606 0  @a儿童
606 0  @a保健
690    @aR174@v4
701  0 @a张焱焱@Azhang yan yan@4编著
701  0 @a毕道濯@Abi dao zhuo@4编著
801  0 @aCN@bLZJBOOK@c20070110
905    @a10447@dR174@e137
    
    儿童医疗保健手册:写给年轻爸爸妈妈看的书/张焱焱,毕道濯编著.-北京:金盾出版社,1999
    434页;19cm
    
    
    ISBN 7-5082-0748-3:CNY13.50
    本书力图把深奥的医学知识运用浅显易懂的语言加以叙述,尽量使家长一目了然。最重要的一点是,本书的立足点是孩子们的爸爸妈妈。我们设身处地地为他(她)们考虑问题,并尽量提出行之有效的解决办法。因此,正如本书的题目一样,这是一本专门写给年轻爸爸妈妈看的书。
●
相关链接 在E读中查询图书 在五车中查询图书 在当当中查询图书 在豆瓣中查询图书


正题名:儿童医疗保健手册     索取号:R174/137         预约/预借

序号 登录号 条形码 馆藏地/架位号 状态 备注
1 0556641   205566412   第二样本阅览室/ [索取号:R174/137] 在馆    
2 0556642   205566421   第三借阅区/ [索取号:R174/137] 在馆    
3 0556643   205566430   教育系资料室/ [索取号:R174/137] 在馆    
4 0556644   205566449   第三借阅区/ [索取号:R174/137] 在馆    
5 0556645   205566458   教育系资料室/ [索取号:R174/137] 在馆    
6 0556646   205566467   教育系资料室/ [索取号:R174/137] 在馆    
7 0556647   205566476   教育系资料室/ [索取号:R174/137] 在馆    
8 0556648   205566485   第三借阅区/ [索取号:R174/137] 在馆    
唐山师范学院图书馆 欢迎您!
大连网信软件有限公司© 版权所有